00944cam a22002291 45000010005000000030008000050050017000130080041000300350018000710400036000890410008001250820022001331110083001552450171002382600065004093000031004745000041005056500046005466500044005927000026006367000052006629454BD-RjUL20211208234800.0140121r19611958enka b 100 0 eng d a(BD-RjUL)9499 aDLC/ICUcICUdDLCdBD-RjULbeng aeng00a539.775bLIQ 19612 aConference on Liquid Scintillation Countingd(1957 :cNorthwestern University)10aLiquid scintillation counting :bproceedings of a conference held at northwestern university august 20-22, 1957 /cEditors: Carlos G. Bell, Jr. [and] F. Newton Hayes. aLondon;aNew York:bPergamon Press,cc1958 [impression 1961] axi, 292 p.billus.c23 cm. aIncludes bibliographical references. 0aLiquid scintillator countingxCongresses. 0aRadioactivityxMeasurementxCongresses.1 aBell, Carlos G.,eed.1 aHayes, F. Newtonq(Francis Newton),d1924-eed.